000 00605nam a2200193Ia 4500
003 GCL
008 140319s9999 xx 000 0 ara d
040 _aGCL /
_cGCL
082 0 4 _a796.32
_bع ت
100 1 _aعلى فهمى البيك
245 1 0 _aتخطيط التدريب فى كرة السلة /
_cعلى فهمى البيك
700 1 _aشعبان ابراهيم
300 _a223 ص
490 _aالهيئة العامة للاستعلامات
_v0
650 0 4 _aكرة السلة
650 0 4 _aالتدريب الرياضى
650 0 4 _aكرة السلة - تدريب
942 _2ddc
_cBK
999 _c47780
_d47780